| 000 | 00328nam a22001217a 4500 | ||
|---|---|---|---|
| 008 | 180605b xxu||||| |||| 00| 0 eng d | ||
| 041 | _aeng | ||
| 080 | _a043.3 | ||
| 100 | _a0 | ||
| 101 | _aSHKI-MA | ||
| 245 |
_aSiguria dhe rendesia e infrastruktures te rrjetave ne shkollat e mesme ne Prishtine _cBerisha, F |
||
| 942 |
_2udc _cBK |
||
| 999 |
_c46354 _d46354 |
||